Movies Quiz

Random Movies or Clickable Quiz

Disney's Lions & Tigers & Bears Quiz Stats

 Plays Quiz Updated Nov 6, 2018

Also try: Click The Mouse
Challenge
Share
Tweet
Embed
Score 0/27 Timer 05:00
2 Plays Today
% Correct
Dumbo
92.1%
Bambi
92.1%
Jiminy Cricket
91.6%
Tramp
91.4%
Lady
91.3%
Thumper
90.8%
Robin Hood
89.5%
Flower
88.3%
Pumbaa
86.7%
Abu
86.6%
Rafiki
86.3%
Duchess
86%
Pongo
84.4%
Mowgli
84.3%
% Correct
Iago
83.5%
Gus
83.4%
O'Malley
80.1%
Perdita
79.3%
King Louie
79%
Kaa
78.1%
Orville
75.1%
Bernard
73.9%
Evinrude
70.6%
Friar Tuck
68.9%
Bruno
67.7%
Bagheera
63%
Sheriff of Nottingham
62.7%

You're not logged in!

Compare scores with friends on all Sporcle quizzes.
OR
Log In

You Might Also Like...

Show Comments

Extras

Top Quizzes Today


Score Distribution

Your Account Isn't Verified!

In order to create a playlist on Sporcle, you need to verify the email address you used during registration. Go to your Sporcle Settings to finish the process.

Report this User

Report this user for behavior that violates our Community Guidelines.

Details: